| 000 | 00448nam a2200169Ia 4500 | ||
|---|---|---|---|
| 003 | LK-CoDNM | ||
| 008 | 010623t xxu||||| |||| 00| 1 eng d | ||
| 040 |
_aLK-CoDNM _dLK-CoDNM _eLK-CoDNM |
||
| 041 | _aeng | ||
| 080 | _a301 GOO | ||
| 100 | _aCamena Gunarathna | ||
| 245 | _aWomen,Sexual Violence And The Legal Process In Sri Lanka : A Study On Rape | ||
| 300 | _b cm | ||
| 650 | _aSociology | ||
| 700 | _aGunesekara, Savitri, W.E | ||
| 942 | _cBK | ||
| 999 |
_c136900 _d136900 |
||